|
|
|
|
| LEADER |
00000nam a22000007a 4500 |
| 005 |
20110902112959.0 |
| 008 |
110902t2011 bl |||||s|||| 00| 0 por d |
| 020 |
|
|
|a 9788861327214
|
| 035 |
|
|
|a 5591
|
| 040 |
|
|
|a vLex
|
| 090 |
|
|
|c 2348
|d 2348
|
| 100 |
1 |
|
|a Ambrogio, Stefano
|
| 245 |
1 |
0 |
|a Compendio di diritto privado
|h [Recurso electrn̤ico] :
|b Strumenti per lo studio del diritto: per l'universita, i concorsi e la formazione /
|c Stefano Ambrogio
|
| 256 |
|
|
|a Servicio en ln̕ea.
|
| 260 |
|
|
|a [Italia] :
|b Casa Editrice La Tribuna,
|c 2011.
|
| 300 |
|
|
|a 1 recurso electrn̤ico
|
| 506 |
1 |
|
|a Contenido solo disponible en los productos indicados
|d vLex Global
|d vLex Global (Academic Edition, excluding Law Schools)
|d vLex Global (U.S. Academic Edition, Law Schools)
|d vLex Global (U.S. Academic Edition, excluding Law Schools)
|d vLex Global (Academic Edition, Law Schools)
|
| 650 |
0 |
4 |
|a Derecho civil
|z Italia
|
| 740 |
0 |
|
|a vLex Libros (Servicio en ln̕ea)
|
| 856 |
4 |
0 |
|u http://vlex.com/source/compendio-diritto-privato-5591
|z Acceso restringido
|
| 942 |
|
|
|c BOOK
|